000 00301nam a22001457a 4500
003 SGT
082 _a510,SAR
100 _aSARAN,N
245 _aSPECIAL FUNCTIONS
250 _a17TH
260 _aMEERUTI
_bPRAGATI PRAKASHAN
_c2016
300 _a456
650 _aMATHEMATICS
942 _2ddc
_cFPS
_018
999 _c10014
_d10014